[Event "Olympiad"]
[Site "masterchessopen.com - Tel Aviv (Israel)"]
[Round "5"]
[White "Bjornsson Tomas (ISL)"]
[Black "Garcia Raimundo (ARG)"]
[Result "1-0"]
[WhiteElo "2162"]
[BlackElo "2327"]

1.d4 Nf6 2.c4 c5 3.d5 g6 4.Nc3 d6 5.g3 Bg7 6.Bg2 O-O 7.Nf3 e6 8.O-O exd5
9.cxd5 Nbd7 10.Qc2 a6 11.a4 Rb8 12.a5 b5 13.axb6 Rxb6 14.Nd2 Ne8 15.Nc4 Rb4
16.Na5 Ne5 17.f4 Ng4 18.h3 Bd4+ 19.Kh1 Nf2+ 20.Kh2 Nf6 21.e3 N6g4+ 22.hxg4
Nxg4+ 23.Kh1 Bxe3 24.Nc6 Qf6 25.Bf3 Qg7 26.Bxg4 Bxc1 27.Raxc1 Bxg4 28.Nxb4
cxb4 29.Ne4 Qd4 30.Qg2 Kg7 31.Nxd6 Rd8 32.Rc6 a5 33.f5 g5 34.f6+ Kg8 35.Rc4
Qe5 36.Rxg4 Rxd6 37.Re4 {#r} 1-0

[Event "Ch URS (young masters)"]
[Site "masterchessopen.com - Batoumi (Georgia)"]
[Round "0"]
[White "Butnorius Algimantas (LTU)"]
[Black "Kapengut Albert Z (BLR)"]
[Result "0-1"]
[WhiteElo "2388"]
[BlackElo "2402"]

1.d4 Nf6 2.c4 c5 3.d5 e6 4.Nc3 exd5 5.cxd5 d6 6.g3 g6 7.Bg2 Bg7 8.Nf3 O-O
9.O-O Nbd7 10.Nd2 a6 11.a4 Rb8 12.Nc4 Ne8 13.a5 Ne5 14.Nb6 Nc7 15.h3 Nb5
16.Nca4 Re8 17.Rb1 Nd7 18.Nc4 Nf6 19.f3 Nxd5 20.e4 Bd4+ 21.Kh2 Nb4 {#R} 0-1

[Event "Ch World (juniors)"]
[Site "masterchessopen.com - Stockholm (Sweden)"]
[Round "2"]
[White "Da Silva Jose Victor (BRA)"]
[Black "Kaplan Julio P (USA)"]
[Result "0-1"]
[WhiteElo "2064"]
[BlackElo "2480"]

1.d4 Nf6 2.c4 e6 3.g3 c5 4.d5 exd5 5.cxd5 g6 6.Nf3 Bg7 7.Bg2 O-O 8.O-O d6
9.Nc3 Nbd7 10.Nd2 a6 11.a4 Rb8 12.a5 Ne8 13.Nc4 Ne5 14.Nb6 Nc7 15.f4 Ng4 16.e3
f5 17.h3 Nf6 18.Nxc8 Qxc8 19.Kh2 Re8 20.Qd3 Qd7 21.e4 fxe4 22.Bxe4 Nxe4
23.Nxe4 Qf5 24.Re1 Bd4 25.Ra4 Re7 26.Qb1 Qxd5 27.Nc3 Qf3 28.Bd2 Rbe8 29.Rxe7
Rxe7 30.Qh1 Qd3 {#R} 0-1

[Event "It"]
[Site "masterchessopen.com - Basel (Switzerland)"]
[Round "0"]
[White "Marovic Drazen (CRO)"]
[Black "Hartoch Robert G (NED)"]
[Result "1-0"]
[WhiteElo "2475"]
[BlackElo "2400"]

1.d4 Nf6 2.c4 c5 3.d5 e6 4.Nc3 exd5 5.cxd5 d6 6.g3 g6 7.Bg2 Bg7 8.Nf3 O-O
9.O-O Nbd7 10.Nd2 a6 11.a4 Ne8 12.h3 Rb8 13.Nc4 Nb6 14.Ne3 Bd7 15.Re1 Nc8
16.a5 Na7 17.Bd2 Nb5 18.Nc4 Nd4 19.e3 Nf5 20.Na4 h5 21.Bc3 Bb5 22.Nab6 Ne7
23.e4 Nc8 24.f4 Nxb6 25.Nxb6 h4 26.e5 hxg3 27.Qg4 Bd3 28.Qxg3 c4 29.b3 dxe5
30.fxe5 Qc7 31.bxc4 Qc5+ 32.Qe3 {#r} 1-0

[Event "Ch Italy"]
[Site "masterchessopen.com - Chioggia (Italy)"]
[Round "0"]
[White "Cappello Renato (ITA)"]
[Black "Cosulich Roberto (ITA)"]
[Result "0-1"]
[WhiteElo "2410"]
[BlackElo "2425"]

1.d4 Nf6 2.c4 c5 3.d5 e6 4.Nc3 exd5 5.cxd5 d6 6.g3 g6 7.Bg2 Bg7 8.Nf3 O-O
9.O-O Nbd7 10.Nd2 Qe7 11.a4 b6 12.Nc4 Ne5 13.Nxe5 Qxe5 14.Qd3 a6 15.e4 Ra7
16.Bd2 Qh5 17.f3 Nd7 18.Nd1 Ne5 19.Qe2 f5 20.Nf2 Re7 21.Rae1 Rfe8 22.b3 fxe4
23.Nxe4 Nf7 24.Qd3 Bb7 25.f4 Qf5 26.Nf2 Nh6 27.Rxe7 Rxe7 28.Re1 Rxe1+ 29.Bxe1
Qxd3 30.Nxd3 Nf5 31.Bf2 Bc3 32.g4 Ne7 33.Ne5 dxe5 34.d6 Bxg2 {#R} 0-1

[Event "Olympiad"]
[Site "masterchessopen.com - Nice (France)"]
[Round "0"]
[White "Sanchez Guirado Francisco (ESP)"]
[Black "Velimirovic Dragoljub (SRB)"]
[Result "0-1"]
[WhiteElo "2369"]
[BlackElo "2530"]

1.d4 Nf6 2.c4 c5 3.d5 e6 4.Nc3 exd5 5.cxd5 d6 6.Nf3 g6 7.g3 Bg7 8.Bg2 O-O
9.O-O Nbd7 10.Nd2 Ne8 11.a4 a6 12.a5 b5 13.axb6 Nxb6 14.Nb3 Nc7 15.Na5 Nb5
16.Bd2 Qc7 17.Re1 Bd7 18.Qc1 Rfe8 19.Ra2 Rac8 20.b3 c4 21.bxc4 Nxc4 22.Nc6 Nd4
23.Ne4 Nxd2 24.Qxd2 Nxc6 25.dxc6 Bxc6 26.Rc1 d5 27.Rxa6 Qb7 28.Nc5 Qe7 29.Nd3
Bb5 30.Rxc8 Rxc8 31.Rb6 Bc4 32.Rb1 Ra8 33.Bf3 h5 34.h4 Ra2 35.Qg5 Rxe2 36.Bxe2
Qxe2 37.Nf4 Qe4 38.Rb8+ Kh7 39.Ng2 d4 40.Qf4 Qe2 41.Qc1 Bh6 42.Qa1 Qe4 43.Qa8
Qe5 44.Re8 Be6 45.Qb8 Qxb8 {#R} 0-1

[Event "It (open) \"]
[Site "masterchessopen.com - London (England)"]
[Round "10"]
[White "Birnboim Nathan (ISR)"]
[Black "Pritchett Craig W (SCO)"]
[Result "1-0"]
[WhiteElo "2369"]
[BlackElo "2343"]

1.d4 Nf6 2.c4 e6 3.g3 c5 4.d5 exd5 5.cxd5 d6 6.Nc3 g6 7.Bg2 Bg7 8.Nf3 O-O
9.O-O Nbd7 10.h3 Qe7 11.Nd2 Nh5 12.Kh2 Re8 13.Nb5 Rd8 14.a4 a6 15.Nc3 Rb8
16.Nc4 Ne5 17.Nb6 Nd7 18.Nc4 Ne5 19.Nb6 Nd7 20.Qb3 Nxb6 21.Qxb6 Bd7 22.e4 Be8
23.a5 Nf6 24.Bf4 Nh5 25.Bd2 Nf6 26.Qb3 Qc7 27.f4 b5 28.e5 c4 29.Qc2 dxe5
30.fxe5 Nh5 31.d6 Qc5 32.Ne4 Qxe5 33.Bc3 Qe6 34.Bxg7 Kxg7 35.Qc3+ Kg8 36.Rad1
f5 37.Nc5 Qc8 38.Qe5 Bf7 39.d7 {#r} 1-0

[Event "Ch Hungary"]
[Site "masterchessopen.com - Hungary"]
[Round "0"]
[White "Smyslov Vassily (RUS)"]
[Black "Portisch Lajos (HUN)"]
[Result "0-1"]
[WhiteElo "2575"]
[BlackElo "2630"]

1.d4 Nf6 2.c4 e6 3.g3 c5 4.d5 exd5 5.cxd5 d6 6.Nc3 g6 7.Bg2 Bg7 8.Nf3 O-O
9.O-O Nbd7 10.Bf4 Qe7 11.Re1 a6 12.a4 Rb8 13.e4 Ng4 14.Nd2 Nde5 15.Nf1 Nc4
16.Qe2 b5 17.axb5 axb5 18.h3 Nge5 19.Bc1 b4 20.Nd1 Nb6 21.f4 Nec4 22.Nde3 Nxe3
23.Bxe3 Re8 24.Rad1 Qa7 25.e5 Ba6 26.Qf2 Nc4 27.b3 Nxe3 28.Nxe3 dxe5 29.f5 e4
30.f6 Bf8 31.Qf4 c4 32.bxc4 Bxc4 33.Bxe4 Bb3 34.Rd2 Rb6 35.Kh2 Qb8 36.Qh4 Qd8
37.Ng4 Ba4 38.Rf2 b3 39.Bxg6 hxg6 40.Re7 Qxd5 {#R} 0-1

[Event "It (open)"]
[Site "masterchessopen.com - Lone Pine (USA)"]
[Round "0"]
[White "Youngworth Perry (USA)"]
[Black "Rogoff Kenneth S (USA)"]
[Result "0-1"]
[WhiteElo "2215"]
[BlackElo "2520"]

1.d4 Nf6 2.c4 e6 3.g3 c5 4.d5 exd5 5.cxd5 d6 6.Nc3 g6 7.Bg2 Bg7 8.Nf3 O-O
9.O-O Nbd7 10.Nd2 Qe7 11.h3 a6 12.a4 Rb8 13.Qb3 Ne8 14.Nc4 Ne5 15.Nb6 Nc7
16.Be3 Na8 17.a5 Nxb6 18.axb6 Re8 19.Rac1 Qd8 20.Ne4 Bf5 21.Nd2 Bd7 22.Ne4 Bb5
23.Qc2 Nc4 24.Bg5 f6 25.b3 Na3 26.Bxf6 Bxf6 27.Qa2 Bg7 28.Qxa3 Bxe2 29.Rfe1
Bd3 30.Qa5 Bd4 31.Nd2 Rf8 32.Nf3 Rxf3 33.Bxf3 Qf6 34.Bg2 Bxf2+ 35.Kh1 Qg5
36.Red1 Bxg3 37.Qc3 Be5 38.Qxd3 Qf4 39.Kg1 Rf8 40.Qf3 Qh2+ 41.Kf1 Rxf3+
42.Bxf3 Qxh3+ 43.Bg2 Qxb3 44.Rb1 Qa2 45.Kg1 Bd4+ 46.Kh1 Qe2 {#R} 0-1

[Event "Ch Czechoslovakia"]
[Site "masterchessopen.com - Marianske Lazne (Czech Republic)"]
[Round "16"]
[White "Jankovec Ivan (CZE)"]
[Black "Sikora-Lerch Jan (CZE)"]
[Result "0-1"]
[WhiteElo "2180"]
[BlackElo "2207"]

1.d4 c5 2.d5 Nf6 3.c4 e6 4.Nc3 exd5 5.cxd5 d6 6.Nf3 g6 7.g3 Bg7 8.Bg2 O-O
9.O-O Nbd7 10.Nd2 Rb8 11.a4 a6 12.a5 b5 13.axb6 Nxb6 14.e4 Ng4 15.h3 Ne5
16.Qc2 c4 17.Na4 Bd7 18.Nxb6 Qxb6 19.Nxc4 Nxc4 20.Qxc4 Bb5 21.Qa2 Bxf1 22.Bxf1
Bd4 23.Qxa6 Bxf2+ 24.Kg2 Bd4 25.Qd3 Rfc8 {#R} 0-1

[Event "Ch Brazil"]
[Site "masterchessopen.com - Natal (Brazil)"]
[Round "8"]
[White "Camara Helder (BRA)"]
[Black "Carvalho Herbert Abreu (BRA)"]
[Result "0-1"]
[WhiteElo "2325"]
[BlackElo "2182"]

1.d4 Nf6 2.c4 e6 3.g3 c5 4.d5 exd5 5.cxd5 d6 6.Nc3 g6 7.Bg2 Bg7 8.Nf3 O-O
9.O-O Nbd7 10.Bf4 Ne8 11.e4 Ne5 12.Nxe5 dxe5 13.Be3 b6 14.f4 Nd6 15.a4 Bd7
16.Qe2 Re8 17.f5 gxf5 18.Qh5 f4 19.gxf4 Nc4 20.Bc1 exf4 21.Rxf4 Re5 22.Qe2 Nd6
23.Nb5 Nxb5 24.axb5 Qe8 25.Ra3 Bxb5 26.Qf2 Rg5 27.Rg3 Rxg3 28.Qxg3 Qe5 29.Qf3
Qd4+ 30.Kh1 Rf8 31.Rh4 Kh8 32.Bh3 f5 33.Rf4 Bh6 34.Be3 Qg7 35.Rxf5 Rg8 36.Rf7
Qg6 37.Rf6 Be2 38.Qxe2 Qxf6 39.Bf2 Bg7 40.Bg3 Qxb2 41.Qxb2 Bxb2 42.d6 Rxg3
43.hxg3 c4 44.Bc8 Be5 45.d7 Bc7 46.Ba6 c3 47.Bd3 a5 48.Kg2 a4 {#R} 0-1

[Event "It (b)"]
[Site "masterchessopen.com - Amsterdam (Netherlands)"]
[Round "0"]
[White "Van Der Sterren Paul (NED)"]
[Black "De Boer Gert-Jan (NED)"]
[Result "1-0"]
[WhiteElo "2410"]
[BlackElo "2430"]

1.d4 Nf6 2.c4 e6 3.Nc3 c5 4.d5 exd5 5.cxd5 d6 6.Nf3 g6 7.g3 Bg7 8.Bg2 O-O
9.O-O Nbd7 10.Nd2 Qe7 11.h3 Nh5 12.Kh2 f5 13.f4 Ndf6 14.a4 Bd7 15.Nc4 Ne4
16.Nxe4 fxe4 17.Qb3 Rab8 18.a5 Kh8 19.Rd1 Nf6 20.Be3 Rfc8 21.Bf2 Be8 22.Ra2
Bf7 23.Ne3 b5 24.axb6 axb6 25.Be1 b5 26.Qc2 Ra8 27.b4 c4 28.Kh1 Nd7 29.Bc3
Bxc3 30.Rxa8 Rxa8 31.Qxc3+ Qf6 32.Qc2 Ra3 33.Ng4 Qg7 34.Qxe4 Rxg3 35.Qe7 Rxh3+
36.Kg1 Rg3 37.Ne3 Nf6 38.Ra1 Nxd5 39.Ra8+ Bg8 40.Nxd5 Rxg2+ 41.Kxg2 {#r} 1-0

[Event "Match \"]
[Site "masterchessopen.com - Oberhausen (Germany)"]
[Round "2"]
[White "Reefschlaeger Helmut Dr (GER)"]
[Black "Vadasz Laszlo (HUN)"]
[Result "0-1"]
[WhiteElo "2248"]
[BlackElo "2500"]

1.d4 Nf6 2.c4 e6 3.g3 c5 4.d5 exd5 5.cxd5 d6 6.Nc3 g6 7.Bg2 Bg7 8.Nf3 O-O
9.O-O Nbd7 10.Nd2 a6 11.a4 Ne8 12.h3 Rb8 13.Nc4 Nb6 14.Na3 Bd7 15.a5 Nc8
16.Nc4 Bb5 17.Qb3 Nc7 18.Bf4 Bxc4 19.Qxc4 b5 20.axb6 Nxb6 21.Qd3 Qe7 22.Ne4
Rfd8 23.Nxc5 g5 24.Bxd6 Rxd6 25.Nxa6 Nxa6 26.Rxa6 Nd7 27.Rxd6 Qxd6 28.Qf5 Rxb2
29.e3 h6 30.f4 Qe7 31.Kh1 gxf4 32.gxf4 Nf8 33.e4 Qh4 34.Qg4 Qxg4 35.hxg4 Ng6
36.e5 {#R} 0-1

[Event "Ch Czechoslovakia"]
[Site "masterchessopen.com - Trnava (Slovakia)"]
[Round "2"]
[White "Hausner Ivan (CZE)"]
[Black "Sikora-Lerch Jan (CZE)"]
[Result "1-0"]
[WhiteElo "2445"]
[BlackElo "2410"]

1.d4 c5 2.d5 Nf6 3.c4 e6 4.Nc3 exd5 5.cxd5 d6 6.g3 g6 7.Bg2 Bg7 8.Nf3 O-O
9.O-O Nbd7 10.Bf4 Ne8 11.Qd2 Rb8 12.a4 a6 13.Rab1 c4 14.Nd4 Qb6 15.Be3 Nc5
16.b4 cxb3 17.Ne4 Nxe4 18.Bxe4 Nf6 19.Bf3 Qd8 20.Rxb3 Nd7 21.a5 Qe8 22.Rc1 Ne5
23.Bg2 Qa4 24.Qb4 Qxb4 25.Rxb4 Ra8 26.h3 Re8 27.Nb3 Bf6 28.Nd2 Nd7 29.Ne4 Be7
30.Bf4 Ne5 31.Bxe5 dxe5 32.d6 Bd8 33.Nc5 Be6 34.d7 Rf8 35.Bxb7 Rb8 36.Nxa6
Bxa5 37.Nxb8 Rxb8 38.Rc8+ Rxc8 39.dxc8=Q+ Bxc8 40.Rb5 Bxb7 41.Rxa5 f6 42.Ra7
Bd5 43.f4 exf4 44.gxf4 f5 45.h4 Bf7 46.Kf2 Kg7 47.Ke3 Kf6 48.Kd4 Bg8 49.e3 Bf7
50.Ra6+ Kg7 51.Ke5 Kh6 52.Ra7 Bc4 53.Kf6 Bd3 54.Rb7 Be4 55.Rc7 Bd3 56.Kf7 Kh5
57.Kg7 {#r} 1-0

[Event "It"]
[Site "masterchessopen.com - Eksjo (Sweden)"]
[Round "0"]
[White "Lengyel Levente (HUN)"]
[Black "Wedberg Tom (SWE)"]
[Result "0-1"]
[WhiteElo "2420"]
[BlackElo "2460"]

1.d4 Nf6 2.Nf3 c5 3.d5 e6 4.c4 exd5 5.cxd5 d6 6.Nc3 g6 7.g3 Bg7 8.Bg2 O-O
9.O-O Nbd7 10.Bf4 Qe7 11.Re1 Ng4 12.Qc2 a6 13.a4 Re8 14.Bg5 Qf8 15.Bc1 Rb8
16.h3 Nge5 17.Nd2 f5 18.f4 Nf7 19.a5 Bd4+ 20.Kh2 Nf6 21.Nf3 Bd7 22.e3 Bxc3
23.bxc3 Nxd5 24.c4 Nb4 25.Qd2 b5 26.axb6 Rxb6 27.Rb1 Bc6 28.Nh4 Bxg2 29.Kxg2
Qe7 30.e4 Qb7 31.Rb3 Nc2 {#R} 0-1

[Event "It"]
[Site "masterchessopen.com - Moscow (Russia)"]
[Round "0"]
[White "Zaitsev Igor A (RUS)"]
[Black "Abramovic Bosko (SRB)"]
[Result "1-0"]
[WhiteElo "2465"]
[BlackElo "2480"]

1.d4 Nf6 2.c4 c5 3.d5 g6 4.g3 Bg7 5.Nf3 d6 6.Bg2 O-O 7.O-O e6 8.Nc3 exd5
9.cxd5 Nbd7 10.h3 a6 11.a4 Rb8 12.Bf4 Qe7 13.e4 b5 14.Re1 b4 15.e5 bxc3
16.exf6 Qxf6 17.Bg5 c2 18.Qxc2 Qxb2 19.Qxb2 Bxb2 20.Rab1 Rb4 21.Be7 Bc3
22.Rec1 Re8 23.Bxd6 Re2 24.Rxb4 Bxb4 25.Nd4 Re1+ 26.Rxe1 Bxe1 27.Nc6 Bb7
28.Kf1 Bc3 29.Ke2 c4 30.a5 f5 31.f4 Kg7 32.Kd1 Bf6 33.Kc2 Kf7 34.Ne5+ Ke8
35.Kc3 Bd8 36.Nxc4 Nf6 37.Kd4 Ne4 38.g4 Bc8 39.Bxe4 fxe4 40.Bb4 Bf6+ 41.Kxe4
Bd7 42.Nd6+ Kd8 43.Nf7+ Ke8 44.Nd6+ Kd8 45.Nf7+ Ke8 46.Ne5 Bb5 47.g5 Bg7 48.h4
Bf1 49.Bd6 Kd8 50.Kd4 Bg2 51.Kc5 Be4 52.Nc6+ Kc8 53.Be5 Bf8+ 54.Bd6 Bg7 55.Be5
Bf8+ 56.d6 {#r} 1-0

[Event "It \"]
[Site "masterchessopen.com - Amsterdam (Netherlands)"]
[Round "0"]
[White "Hort Vlastimil (GER)"]
[Black "Langeweg Kick (NED)"]
[Result "1-0"]
[WhiteElo "2595"]
[BlackElo "2420"]

1.d4 Nf6 2.c4 e6 3.g3 c5 4.d5 exd5 5.cxd5 d6 6.Nc3 g6 7.Bg2 Bg7 8.Nf3 O-O
9.O-O Nbd7 10.Bf4 Qe7 11.Re1 a6 12.a4 Ng4 13.Qb3 Rb8 14.Bg5 f6 15.Bd2 b6 16.h3
Nh6 17.Qc2 Nf7 18.b3 b5 19.axb5 axb5 20.e4 b4 21.Nd1 Nb6 22.Nb2 Re8 23.Nc4
Nxc4 24.Qxc4 Bd7 25.Ra7 Qd8 26.h4 Re7 27.Qc2 Ra8 28.Rea1 Rb8 29.R1a5 Qe8
30.Bf4 Rd8 31.Nd2 g5 32.hxg5 fxg5 33.Be3 h6 34.Nc4 Bg4 35.f4 Rxa7 36.Rxa7 Rd7
37.Ra6 gxf4 38.gxf4 Qe7 39.Qf2 Bf6 40.e5 Bh4 41.Qc2 {#r} 1-0

[Event "It \"]
[Site "masterchessopen.com - Amsterdam (Netherlands)"]
[Round "0"]
[White "Ree Hans (NED)"]
[Black "Sax Gyula (HUN)"]
[Result "0-1"]
[WhiteElo "2500"]
[BlackElo "2570"]

1.d4 Nf6 2.c4 e6 3.Nf3 c5 4.d5 exd5 5.cxd5 g6 6.Nc3 Bg7 7.g3 d6 8.Bg2 O-O
9.O-O Nbd7 10.Re1 a6 11.a4 Rb8 12.e4 b5 13.axb5 axb5 14.Bf1 b4 15.Nb5 Ne8
16.Bf4 Rb6 17.Qc2 Bb7 18.Na7 h6 19.Bb5 g5 20.Be3 Nc7 21.Bc6 Ba6 22.Ba4 Bb5
23.Bxb5 Nxb5 24.e5 Nxa7 25.Rxa7 Nxe5 26.Nxe5 Bxe5 27.Bxc5 Qc8 28.Re2 b3 29.Qc1
Bd4 {#R} 0-1

[Event "It (cat.8)"]
[Site "masterchessopen.com - Bor (Yugoslavia)"]
[Round "9"]
[White "Todorovic Goran M (SRB)"]
[Black "Abramovic Bosko (SRB)"]
[Result "0-1"]
[WhiteElo "2230"]
[BlackElo "2480"]

1.d4 Nf6 2.Nf3 g6 3.g3 c5 4.d5 d6 5.c4 Bg7 6.Bg2 e6 7.Nc3 exd5 8.cxd5 O-O
9.O-O Nbd7 10.a4 a6 11.Nd2 Rb8 12.Nc4 Nb6 13.Ne3 Bd7 14.a5 Na8 15.Nc4 Bb5
16.Qb3 Bxc4 17.Qxc4 Nd7 18.f4 Nc7 19.e3 b5 20.axb6 Rxb6 21.Ra4 Rb7 22.Qa2 Qb8
23.Rf2 Rb3 24.Rc2 f5 25.Bf1 Rb4 26.Bxa6 Rxa4 27.Qxa4 Nb6 28.Qa2 Qa8 29.Bc4
Qxa2 30.Bxa2 Ra8 31.Bd2 Kf8 32.Kf2 Bxc3 33.bxc3 Ncxd5 34.Bxd5 Nxd5 35.c4 Nf6
36.Ke2 Ne4 37.Bc1 Kf7 38.Bb2 Ke6 39.Kd3 Rb8 40.Ke2 h5 41.Kf3 Rb7 42.h3 Rb4
43.g4 Rxc4 44.Rg2 Kd5 45.gxh5 gxh5 46.h4 Ra4 47.Bg7 Ra8 48.Rc2 Rg8 49.Rg2 Ke6
50.Bb2 Rxg2 51.Kxg2 Kd5 52.Kf3 Nd2+ 53.Kf2 Ke4 54.Ke2 Nc4 55.Bc1 d5 56.Kf2 d4
57.exd4 cxd4 58.Ke2 d3+ {#R} 0-1

[Event "Ch Hungary"]
[Site "masterchessopen.com - Budapest (Hungary)"]
[Round "9"]
[White "Csom Istvan (HUN)"]
[Black "Sax Gyula (HUN)"]
[Result "0-1"]
[WhiteElo "2500"]
[BlackElo "2565"]

1.d4 Nf6 2.c4 c5 3.d5 e6 4.Nc3 exd5 5.cxd5 g6 6.g3 d6 7.Bg2 Bg7 8.Nf3 O-O
9.O-O Nbd7 10.Re1 a6 11.a4 Rb8 12.Bf4 Qe7 13.h3 h6 14.Rb1 b5 15.axb5 axb5
16.b4 Nh5 17.Bd2 Nxg3 18.Nxb5 Rxb5 19.fxg3 cxb4 20.Bxb4 Ba6 21.Qa4 Rfb8
22.Qxa6 Rxb4 23.Rxb4 Rxb4 24.Qa7 Qe8 25.Kh1 Nc5 26.Qc7 Ne4 27.Rd1 Rb2 28.Qc4
Qe7 29.Rc1 Nf6 30.Ng1 Nh5 31.Bf3 Qg5 32.Bxh5 Qxh5 33.Kg2 Rd2 34.Nf3 Qxd5
35.Qxd5 Rxd5 36.Rc8+ Bf8 37.g4 Kg7 38.Rc7 Kf6 39.Rb7 Rc5 40.h4 Kg7 41.g5 h5
42.Kf2 Rc4 43.Rd7 Re4 44.e3 Be7 45.Ke2 Kf8 46.Kd3 Rg4 47.Ra7 f6 48.Ra8+ Kf7
49.Ra7 fxg5 50.Nxg5+ Kf6 51.Nf3 Rg3 52.Nd4 Rh3 53.Nc6 Bf8 54.Nd8 Bh6 55.Rf7+
Ke5 56.Re7+ Kf5 57.Re6 Bf4 58.Re4 Be5 59.Nf7 Rg3 60.Rb4 Kf6 61.Ng5 Rg4 62.Nh7+
Kf5 63.Rb1 Rxh4 64.Rf1+ Kg4 65.Rg1+ Bg3 66.Nf6+ Kf3 {#R} 0-1

[Event "It (cat.8)"]
[Site "masterchessopen.com - Grindavik (Iceland)"]
[Round "0"]
[White "Lombardy William J (USA)"]
[Black "Angantysson Haukur (ISL)"]
[Result "1-0"]
[WhiteElo "2505"]
[BlackElo "2395"]

1.d4 Nf6 2.c4 c5 3.d5 e6 4.Nc3 exd5 5.cxd5 d6 6.Nf3 g6 7.g3 Bg7 8.Bg2 O-O
9.O-O Nbd7 10.h3 Ne8 11.Re1 Rb8 12.a4 b6 13.e4 Ne5 14.Nxe5 Bxe5 15.Bh6 Ng7
16.Qd2 f5 17.f4 Bd4+ 18.Kh2 fxe4 19.Nxe4 b5 20.axb5 Rxb5 21.Rxa7 Rxb2 22.Qxd4
cxd4 23.Rxg7+ Kh8 24.Ng5 Rb7 25.Rxb7 Bxb7 26.Bxf8 Qxf8 27.Ne6 Qe8 28.Rd1 h6
29.Rxd4 Qb5 30.f5 gxf5 31.Rf4 Qe2 32.Rxf5 Ba6 33.Rf8+ Kh7 34.Rf7+ Kh8 35.Nf4
Qc2 36.Rf6 Bf1 37.Rxh6+ Kg7 38.Rxd6 Bxg2 39.Nxg2 Qc5 40.Rd8 Kf7 41.h4 Ke7
42.Ra8 Qxd5 43.Ra7+ Kd8 44.Nf4 Qd2+ 45.Kh3 Qd1 46.Ra3 Ke7 47.Rd3 Qc1 48.Kg4
Kf6 49.Rd6+ Kf7 50.Kg5 Qc5+ 51.Rd5 Qe7+ 52.Kg4 Kg7 53.Rg5+ Kh7 54.Rd5 Qg7+
55.Kh3 Qb7 56.Rd1 Qc8+ 57.g4 Qc3+ 58.Rd3 Qc1 59.Kg3 Qg1+ 60.Ng2 Qb1 61.Rf3
Qb8+ 62.Nf4 Qb1 63.Re3 Qg1+ 64.Ng2 Qb1 65.g5 Kg6 66.Re6+ Kg7 67.Nf4 Qb3+
68.Kf2 Qa2+ 69.Re2 Qa7+ 70.Re3 Qa2+ 71.Kg3 Qa7 72.Rd3 Qg1+ 73.Kf3 Qa7 74.h5
Qb7+ 75.Rd5 Qa7 76.h6+ Kh7 77.g6+ {#r} 1-0

[Event "It"]
[Site "masterchessopen.com - Lvov (Ukraine)"]
[Round "5"]
[White "Boensch Uwe (GER)"]
[Black "Horvath Tamas I (HUN)"]
[Result "1-0"]
[WhiteElo "2460"]
[BlackElo "2318"]

1.d4 Nf6 2.c4 e6 3.Nf3 c5 4.d5 exd5 5.cxd5 d6 6.Nc3 g6 7.g3 Bg7 8.Bg2 O-O
9.O-O Nbd7 10.Bf4 Qe7 11.Qc2 a6 12.e4 Ng4 13.Rad1 b5 14.Bg5 Qe8 15.Rfe1 Bb7
16.e5 dxe5 17.h3 Ngf6 18.Bxf6 Bxf6 19.Ne4 Qd8 20.Nxc5 Nxc5 21.Qxc5 Re8 22.d6
e4 23.Nd2 Bxb2 24.Nxe4 Bxe4 25.Bxe4 Rb8 26.Bc6 Rf8 27.Re7 Bf6 28.Rc7 Rc8
29.Bf3 Kg7 30.Re1 h5 31.Kg2 b4 32.Bb7 Rb8 33.Ree7 a5 34.h4 a4 35.Qc4 Qxd6
36.Rxf7+ {#r} 1-0

[Event "Olympiad"]
[Site "masterchessopen.com - Salonika (Greece)"]
[Round "5"]
[White "Scheeren Peter (NED)"]
[Black "Stoica Valentin (ROM)"]
[Result "1-0"]
[WhiteElo "2445"]
[BlackElo "2457"]

1.d4 Nf6 2.c4 e6 3.g3 c5 4.d5 exd5 5.cxd5 d6 6.Bg2 g6 7.Nc3 Bg7 8.Nf3 O-O
9.O-O Nbd7 10.e4 a6 11.a4 Ng4 12.Nh4 Nge5 13.f4 Nc4 14.Re1 Rb8 15.Bf1 Na5
16.Nf3 Re8 17.Be3 Nf6 18.e5 Ng4 19.h3 Nxe3 20.Rxe3 Bd7 21.Qc2 Bf5 22.Qf2 Nb3
23.Rae1 h5 24.Ne4 Bxe4 25.Rxe4 b5 26.axb5 axb5 27.e6 f5 28.R4e3 Nd4 29.Ng5 Qe7
30.Qg2 Bf6 31.Nf7 Kh7 32.Kh2 Rg8 33.Bd3 g5 34.fxg5 Bxg5 35.Rf3 Nxf3+ 36.Qxf3
Qf6 37.Qxh5+ Bh6 38.Nxh6 Qxh6 39.Bxf5+ Kg7 40.Qxh6+ Kxh6 41.e7 Rbe8 42.Bd7 Kg7
43.Bxe8 Rxe8 44.Kg2 Kf7 45.Kf3 Rxe7 46.Rxe7+ Kxe7 47.h4 Kf6 48.Ke4 Kg6 49.g4
b4 50.Kf4 Kf6 51.h5 Kf7 52.g5 {#r} 1-0

[Event "It (open)"]
[Site "masterchessopen.com - Lugano (Switzerland)"]
[Round "0"]
[White "Schulte Oliver (GER)"]
[Black "Sax Gyula (HUN)"]
[Result "0-1"]
[WhiteElo "2345"]
[BlackElo "2535"]

1.d4 Nf6 2.c4 e6 3.Nf3 c5 4.d5 exd5 5.cxd5 d6 6.Nc3 g6 7.g3 Bg7 8.Bg2 O-O
9.O-O Nbd7 10.e4 b5 11.e5 dxe5 12.Nxb5 Ba6 13.a4 Qb6 14.Re1 Rfe8 15.Bf1 Rad8
16.Qb3 e4 17.Nd2 Qb8 18.d6 Ne5 19.Nxe4 Nxe4 20.Rxe4 Bb7 21.Re3 Rf8 22.Rc3 Ba8
23.Bg5 Qb7 24.f3 Rb8 25.Be7 Rfe8 26.Bg2 c4 27.Qc2 Nd3 28.Rxc4 Qb6+ 29.Kh1 Nf2+
30.Kg1 Ng4+ 31.Rc5 Ne3 32.a5 Qb7 33.Qe2 Nxg2 34.Kxg2 Bf8 35.Rc7 Qa6 36.Rac1
Rxb5 37.R1c5 Qxd6 38.Qxb5 Rxe7 39.Rxe7 Qxe7 40.Rc8 a6 41.Qc4 Bb7 42.Rc7 Bd5
43.Rxe7 Bxc4 44.Re4 Bb5 45.g4 Bg7 46.b4 h6 47.h3 Bc3 48.h4 Kg7 49.g5 hxg5
50.hxg5 Bd2 51.Rg4 Be3 52.Kh2 Kf8 53.Rg2 Ke7 {#R} 0-1

[Event "Ch USA"]
[Site "masterchessopen.com - USA"]
[Round "0"]
[White "Alburt Lev O (USA)"]
[Black "De Firmian Nick E (USA)"]
[Result "1-0"]
[WhiteElo "2510"]
[BlackElo "2545"]

1.d4 Nf6 2.c4 e6 3.Nf3 c5 4.d5 exd5 5.cxd5 d6 6.Nc3 g6 7.g3 Bg7 8.Bg2 O-O
9.O-O Nbd7 10.Re1 Re8 11.e4 b5 12.Nxb5 Nxe4 13.Ng5 a6 14.Nxe4 axb5 15.Nxd6
Rxe1+ 16.Qxe1 Ba6 17.Nxf7 Qe8 18.Nh6+ Kh8 19.Qe6 Ne5 20.Bf4 {#r} 1-0

[Event "Ch Netherlands"]
[Site "masterchessopen.com - Hilversum (Netherlands)"]
[Round "3"]
[White "Scheeren Peter (NED)"]
[Black "Van Der Wiel John T H (NED)"]
[Result "0-1"]
[WhiteElo "2455"]
[BlackElo "2570"]

1.d4 Nf6 2.c4 e6 3.g3 c5 4.d5 exd5 5.cxd5 d6 6.Bg2 g6 7.Nc3 Bg7 8.Nf3 O-O
9.O-O Nbd7 10.Re1 a6 11.a4 Rb8 12.e4 b5 13.axb5 axb5 14.Bf1 Ng4 15.Nxb5 Nde5
16.Nxe5 Nxe5 17.Be2 Qb6 18.Nc3 Bh3 19.Ra6 Nf3+ 20.Kh1 Qb7 21.Rxd6 Nxe1 22.Qxe1
Qe7 23.Rc6 Bxc3 24.Qxc3 Qxe4+ 25.Bf3 Qd4 26.Qxd4 cxd4 27.Bg2 Bxg2+ 28.Kxg2
Rfc8 29.Rxc8+ Rxc8 30.Bf4 Rc5 31.d6 d3 32.Kf1 Kf8 33.d7 Rd5 34.Ke1 Ke7 35.Kd2
g5 36.Be3 g4 37.b4 Kxd7 38.b5 Rxb5 39.Kxd3 Ke6 40.Ke2 Rh5 41.Kf1 Rxh2 42.Kg1
Rh5 43.Kg2 Rf5 44.Bb6 Ke5 45.Be3 Ke4 46.Bb6 Kd3 47.Ba7 Ke2 48.Be3 Rf3 49.Bc5
h5 50.Bb6 f5 51.Bc5 f4 {#R} 0-1

[Event "It (open)"]
[Site "masterchessopen.com - Lugano (Switzerland)"]
[Round "3"]
[White "Reefschlaeger Helmut Dr (GER)"]
[Black "Sax Gyula (HUN)"]
[Result "0-1"]
[WhiteElo "2390"]
[BlackElo "2570"]

1.d4 Nf6 2.c4 e6 3.g3 c5 4.d5 exd5 5.cxd5 d6 6.Nc3 g6 7.Bg2 Bg7 8.Nf3 O-O
9.O-O Nbd7 10.Nd2 a6 11.a4 Rb8 12.Nc4 Ne8 13.Bf4 Nb6 14.Na3 Bd7 15.a5 Nc8
16.Nc4 Bb5 17.Qb3 Nc7 18.Rfe1 Bxc4 19.Qxc4 b5 20.axb6 Rxb6 21.Ra2 Rb4 22.Qd3
Nb6 23.Qc2 Re8 24.Rd1 Nb5 25.Rxa6 Nd4 26.Qd3 c4 27.Qd2 Nxe2+ 28.Nxe2 Rxb2
29.Qa5 Rexe2 30.Be3 Rxe3 31.fxe3 c3 32.Be4 Qg5 33.Re1 Be5 34.Rxb6 Rxh2 {#R}
0-1